[Event "GER-chT Lands U20"]
[Site "Wiesbaden"]
[Date "2022.10.03"]
[Round "5.1"]
[White "Rudolph, Eva"]
[Black "Yue, Qizhou"]
[Result "0-1"]
[WhiteElo "1911"]
[BlackElo "1711"]
[PlyCount "134"]
[EventDate "2022.09.30"]
[EventType "team-swiss"]
[EventRounds "7"]
[EventCountry "GER"]
[SourceTitle "CBM 210 Extra"]
[Source "ChessBase"]
[SourceDate "2022.11.30"]
[SourceVersion "1"]
[SourceVersionDate "2022.11.30"]
[SourceQuality "1"]
[WhiteTeam "Nordrhein Westfalen U20"]
[BlackTeam "Rheinland Pfalz U20"]
[WhiteTeamCountry "GER"]
[BlackTeamCountry "GER"]

1. e4 d5 2. exd5 Qxd5 3. Nc3 Qd8 4. d4 Nf6 5. Bc4 g6 6. Nf3 Bg7 7. Bg5 0-0 8. Qd2 a6 9. a4 Nc6 10. Rd1 Bg4 11. Be2 Bf5 12. h4 h5 13. d5 Nb4 14. Nd4 Qd7 15. Bf3 Ng4 16. Nxf5 Qxf5 17. Ne4 a5 18. c3 Na6 19. 0-0 Ne5 20. Bxe7 Nxf3+ 21. gxf3 Rfe8 22. d6 cxd6 23. Nxd6 Qxf3 24. Nxe8 Qg4+ 25. Kh2 Rxe8 26. Qg5 Qe2 27. Bf6 Qxb2 28. Bxg7 Kxg7 29. c4 Re2 30. Qg3 Nc5 31. Rb1 Qc2 32. Rbc1 Qb2 33. Qc3+ Qxc3 34. Rxc3 Nxa4 35. Ra3 Nb6 36. Rc3 Re4 37. Kg3 Rg4+ 38. Kh3 Rxc4 39. Rb3 Nd5 40. Rxb7 Rc3+ 41. Kh2 Nf4 42. f3 Rc2+ 43. Kh1 Ng2 44. Ra7 Nxh4 45. Rxa5 Kf6 46. f4 Nf5 47. Ra6+ Kg7 48. Rfa1 Ng3+ 49. Kg1 Ne2+ 50. Kf1 Nxf4 51. R6a2 Rxa2 52. Rxa2 g5 53. Ra6 f6 54. Kf2 Kg6 55. Ra5 h4 56. Kf3 Nd3 57. Ke4 Ne5 58. Ra8 g4 59. Kf4 g3 60. Rh8 Kg7 61. Ra8 Ng6+ 62. Kg4 Kf7 63. Ra6 g2 64. Ra1 f5+ 65. Kh3 Nf4+ 66. Kxh4 Ne2 67. Kg5 Ke6 0-1

[Event "GER-chT Lands U20"]
[Site "Wiesbaden"]
[Date "2022.10.03"]
[Round "6.3"]
[White "Yue, Qizhou"]
[Black "Nechitailo, Nikita"]
[Result "0-1"]
[WhiteElo "1711"]
[BlackElo "1651"]
[PlyCount "56"]
[EventDate "2022.09.30"]
[EventType "team-swiss"]
[EventRounds "7"]
[EventCountry "GER"]
[SourceTitle "CBM 210 Extra"]
[Source "ChessBase"]
[SourceDate "2022.11.30"]
[SourceVersion "1"]
[SourceVersionDate "2022.11.30"]
[SourceQuality "1"]
[WhiteTeam "Rheinland Pfalz U20"]
[BlackTeam "Niedersachsen U20"]
[WhiteTeamCountry "GER"]
[BlackTeamCountry "GER"]

1. e4 c5 2. Nf3 Nc6 3. d4 cxd4 4. Nxd4 g6 5. c4 Bg7 6. Be3 Nf6 7. Nc3 Ng4 8. Qxg4 Nxd4 9. Qd1 Ne6 10. Qd2 0-0 11. Be2 d6 12. 0-0 a5 13. Rac1 Nc5 14. f3 Be6 15. b3 Qb6 16. Nd5 Bxd5 17. exd5 Qb4 18. Qc2 a4 19. bxa4 Qxa4 20. Qb1 Qxa2 21. Rc2 Qa3 22. Bxc5 Qxc5+ 23. Kh1 b6 24. f4 Ra5 25. Qb3 Rfa8 26. g3 Ra3 27. Qb5 Qe3 28. Rf3 Qe4 0-1

[Event "GER-ch U18 Girls"]
[Site "Willingen"]
[Date "2022.06.09"]
[Round "7"]
[White "Schneider, Katharina"]
[Black "Yue, Qizhou"]
[Result "1-0"]
[WhiteElo "1810"]
[BlackElo "1715"]
[PlyCount "89"]
[EventDate "2022.06.04"]
[EventType "swiss"]
[EventRounds "9"]
[EventCountry "GER"]
[SourceTitle "CBM 208 Extra"]
[Source "ChessBase"]
[SourceDate "2022.07.31"]
[SourceVersion "1"]
[SourceVersionDate "2022.07.31"]
[SourceQuality "1"]

1. e4 c5 2. Nf3 a6 3. d4 cxd4 4. Nxd4 Nf6 5. Nc3 e5 6. Nb3 Nc6 7. f3 d6 8. Be3 Be6 9. Qd2 Be7 10. 0-0-0 Qc7 11. Kb1 Nd7 12. g4 b5 13. h4 Nb6 14. h5 Nc4 15. Bxc4 bxc4 16. Nc1 Rb8 17. g5 Qb7 18. b3 Nb4 19. Nd5 Nxd5 20. exd5 Bf5 21. Rh2 Kd7 22. f4 Rhc8 23. Qe1 Qc7 24. Ka1 a5 25. fxe5 dxe5 26. d6 Bxd6 27. Rhd2 cxb3 28. Rxd6+ Ke7 29. Nxb3 Qxd6 30. Rxd6 Kxd6 31. Bc5+ Rxc5 32. Nxc5 Bxc2 33. Qd2+ Kxc5 34. Qxc2+ Kd4 35. Qxh7 e4 36. Qxg7+ Kd3 37. Qxf7 e3 38. Qd7+ Ke4 39. Qg4+ Kd3 40. Qd1+ Kc3 41. g6 Re8 42. g7 e2 43. Qe1+ Kd3 44. h6 Ke3 45. h7 1-0

[Event "GER-ch U18 Girls"]
[Site "Willingen"]
[Date "2022.06.05"]
[Round "2"]
[White "Yue, Qizhou"]
[Black "Rudolph, Eva"]
[Result "1/2-1/2"]
[WhiteElo "1715"]
[BlackElo "1860"]
[PlyCount "73"]
[EventDate "2022.06.04"]
[EventType "swiss"]
[EventRounds "9"]
[EventCountry "GER"]
[SourceTitle "CBM 208 Extra"]
[Source "ChessBase"]
[SourceDate "2022.07.31"]
[SourceVersion "1"]
[SourceVersionDate "2022.07.31"]
[SourceQuality "1"]

1. e4 c5 2. Nf3 e6 3. d4 cxd4 4. Nxd4 a6 5. c4 Nf6 6. Nc3 Qc7 7. Be2 Bb4 8. Qd3 Nc6 9. Nxc6 dxc6 10. a3 Be7 11. Be3 e5 12. c5 Be6 13. b4 0-0 14. 0-0 Rad8 15. Qc2 Nd7 16. Rad1 Kh8 17. f4 exf4 18. Bxf4 Ne5 19. Kh1 Bf6 20. Na4 Rxd1 21. Rxd1 Rd8 22. Nb6 Qe7 23. Rd2 Qe8 24. Qd1 Rxd2 25. Qxd2 Nd7 26. Nxd7 Qxd7 27. Qxd7 Bxd7 28. Bc4 Be6 29. Bxe6 fxe6 30. e5 Bh4 31. g3 Bd8 32. Bd2 Kg8 33. Kg2 Bc7 34. Bc3 Bd8 35. Bd2 Bc7 36. Bc3 Bd8 37. Bd2 1/2-1/2

[Event "EU-ch Hybrid U16 Girls"]
[Site "Tornelo INT"]
[Date "2021.10.15"]
[Round "8"]
[White "Yue, Qizhou"]
[Black "Egger, Stefanie"]
[Result "1/2-1/2"]
[WhiteElo "1842"]
[BlackElo "1627"]
[PlyCount "50"]
[EventDate "2021.10.15"]
[EventType "swiss"]
[EventRounds "9"]
[EventCountry "NET"]
[SourceTitle "EXT 2023"]
[Source "ChessBase"]
[SourceDate "2022.10.05"]
[SourceVersion "1"]
[SourceVersionDate "2022.10.05"]
[SourceQuality "1"]
[WhiteTeam "Germany"]
[BlackTeam "Austria"]
[WhiteTeamCountry "GER"]
[BlackTeamCountry "AUT"]

1. e4 e5 2. Nf3 Nc6 3. d4 exd4 4. Nxd4 Bc5 5. Nb3 Bb6 6. Nc3 Qf6 7. Qe2 Nge7 8. Be3 Bxe3 9. Qxe3 a6 10. 0-0-0 0-0 11. Kb1 d6 12. f3 b5 13. g4 Ne5 14. Be2 b4 15. g5 Qe6 16. Nd5 Nxd5 17. exd5 Qe8 18. h4 Ng4 19. Qxe8 Rxe8 20. fxg4 Rxe2 21. Rd4 a5 22. Rc4 Ra7 23. Rf1 Re7 24. Rcf4 Ba6 25. Rd1 Bb5 1/2-1/2

[Event "EU-ch Hybrid U16 Girls"]
[Site "Tornelo INT"]
[Date "2021.10.15"]
[Round "2"]
[White "Yue, Qizhou"]
[Black "Kanyamarala, Trisha"]
[Result "0-1"]
[WhiteElo "1842"]
[BlackElo "2082"]
[PlyCount "102"]
[EventDate "2021.10.15"]
[EventType "swiss"]
[EventRounds "9"]
[EventCountry "NET"]
[SourceTitle "EXT 2023"]
[Source "ChessBase"]
[SourceDate "2022.10.05"]
[SourceVersion "1"]
[SourceVersionDate "2022.10.05"]
[SourceQuality "1"]
[WhiteTeam "Germany"]
[BlackTeam "Irland"]
[WhiteTeamCountry "GER"]
[BlackTeamCountry "IRL"]

1. e4 c5 2. Nf3 d6 3. d4 cxd4 4. Nxd4 Nf6 5. f3 Nc6 6. c4 e6 7. Nc3 a6 8. Be3 d5 9. cxd5 exd5 10. exd5 Nxd5 11. Nxd5 Qxd5 12. Nxc6 Qxc6 13. Rc1 Qe6 14. Kf2 Be7 15. Bc4 Qf5 16. Re1 0-0 17. Bd3 Qe5 18. Kg1 Qxb2 19. Rc7 Bf6 20. Bc4 Be6 21. Bxe6 fxe6 22. Qb3 Qxb3 23. axb3 Rf7 24. Rec1 Be5 25. Rc8+ Rf8 26. Rxa8 Rxa8 27. Rd1 Rc8 28. f4 Bf6 29. Rd3 e5 30. fxe5 Bxe5 31. Rd5 Bf6 32. Rd3 b5 33. Kf2 Rc2+ 34. Kf3 a5 35. h3 a4 36. bxa4 bxa4 37. Ra3 Rc4 38. Ke2 Bb2 39. Kd3 Rb4 40. Ra2 a3 41. Bc5 Rb3+ 42. Kc4 Rg3 43. Kb5 Kf7 44. Ka4 Ke6 45. Bxa3 Bxa3 46. Rxa3 Rxa3+ 47. Kxa3 Kf5 48. g3 Ke4 49. Kb4 Kf3 50. g4 Kg3 51. Kc4 g5 0-1

[Event "GER-chT Lands U20"]
[Site "Neumuenster"]
[Date "2021.10.03"]
[Round "3.4"]
[White "Yue, Qizhou"]
[Black "Wartenberg, Alissa"]
[Result "1-0"]
[WhiteElo "1842"]
[BlackElo "1662"]
[PlyCount "119"]
[EventDate "2021.10.01"]
[EventType "team-swiss"]
[EventRounds "7"]
[EventCountry "GER"]
[SourceTitle "CBM 204 Extra"]
[Source "ChessBase"]
[SourceDate "2021.11.30"]
[SourceVersion "1"]
[SourceVersionDate "2021.11.30"]
[SourceQuality "1"]
[WhiteTeam "Rheinland Pfalz"]
[BlackTeam "Hamburg"]
[WhiteTeamCountry "GER"]
[BlackTeamCountry "GER"]

1. e4 e5 2. Nf3 Nc6 3. d4 exd4 4. Nxd4 Bc5 5. Nb3 Bb6 6. Nc3 Nf6 7. Qe2 d6 8. Bg5 h6 9. Bh4 g5 10. Bg3 Qe7 11. 0-0-0 Bd7 12. h3 a6 13. Kb1 0-0-0 14. f4 Rde8 15. Re1 gxf4 16. Bxf4 Nd4 17. Qd2 Nxb3 18. axb3 Ba5 19. Bd3 Bc6 20. e5 Bxc3 21. bxc3 Nd5 22. Bf5+ Kb8 23. exd6 Qf6 24. dxc7+ Nxc7 25. Bxc7+ Kxc7 26. Qf4+ Qd6 27. Qc4 Qf6 28. Be4 Re6 29. Bd5 Rxe1+ 30. Rxe1 Rf8 31. Bxc6 Qxc6 32. Re7+ Kb8 33. Qxc6 bxc6 34. Kc1 h5 35. Re5 Rh8 36. Rf5 Rh7 37. c4 Kc7 38. c5 h4 39. Rf4 Kb7 40. b4 Kc7 41. Rf6 Kd7 42. Kb2 Kc7 43. Kb3 Rg7 44. c3 Kb7 45. Ka4 Kc7 46. Ka5 Kb7 47. c4 Rh7 48. Rf4 Rg7 49. b5 axb5 50. cxb5 cxb5 51. Kxb5 Rxg2 52. Rxf7+ Kb8 53. Rf4 Rb2+ 54. Kc6 Rb7 55. Rxh4 Rc7+ 56. Kd6 Rg7 57. c6 Rg6+ 58. Kc5 Rg5+ 59. Kb6 Rg8 60. Rh7 1-0

[Event "GER-chT Lands U20"]
[Site "Neumuenster"]
[Date "2021.10.02"]
[Round "2.1"]
[White "Arnhold, Steffi"]
[Black "Yue, Qizhou"]
[Result "1/2-1/2"]
[WhiteElo "2094"]
[BlackElo "1842"]
[PlyCount "146"]
[EventDate "2021.10.01"]
[EventType "team-swiss"]
[EventRounds "7"]
[EventCountry "GER"]
[SourceTitle "CBM 204 Extra"]
[Source "ChessBase"]
[SourceDate "2021.11.30"]
[SourceVersion "1"]
[SourceVersionDate "2021.11.30"]
[SourceQuality "1"]
[WhiteTeam "Bayern"]
[BlackTeam "Rheinland Pfalz"]
[WhiteTeamCountry "GER"]
[BlackTeamCountry "GER"]

1. e4 c5 2. Nf3 e6 3. d4 cxd4 4. Nxd4 a6 5. Bd3 Nf6 6. 0-0 Qc7 7. Nc3 Bc5 8. Nb3 Be7 9. Bd2 d6 10. f4 Nbd7 11. Kh1 b5 12. a3 Bb7 13. Qf3 Nc5 14. Rae1 0-0 15. Qh3 Nxd3 16. cxd3 Nd7 17. Nd4 Bf6 18. Nf3 Nc5 19. d4 Nb3 20. Be3 Qc4 21. e5 dxe5 22. fxe5 Be7 23. Ne2 Rad8 24. Ng5 h6 25. Nf3 Qc2 26. Nf4 Bd5 27. Rf2 Qh7 28. Ne2 Na5 29. Nd2 Rc8 30. Nc3 Bb7 31. Ref1 Qg6 32. Ne2 Rc2 33. b4 Nc4 34. Nxc4 Rxc4 35. Nf4 Qf5 36. Qxf5 exf5 37. Rd2 Rc3 38. Rd3 Rc2 39. d5 g5 40. Nh5 f4 41. Bg1 Kh7 42. Bc5 Bxc5 43. bxc5 Rd8 44. g3 Kg6 45. Nf6 fxg3 46. hxg3 Rxc5 47. Rfd1 Kf5 48. Rf3+ Kxe5 49. Re1+ Kd6 50. Ne4+ Kxd5 51. Rd3+ Ke5 52. Rxd8 Bxe4+ 53. Kg1 f5 54. g4 Kf4 55. gxf5 Rxf5 56. Rh8 Rf6 57. Re8 Bd3 58. Rd8 Bc4 59. Rd4+ Kf5 60. Re3 Re6 61. Rxe6 Kxe6 62. Rd8 h5 63. Ra8 b4 64. axb4 h4 65. Rc8 Bb5 66. Rc5 Kf6 67. Kg2 Kg6 68. Kh2 Kh5 69. Rc7 Kg4 70. Rf7 Bd3 71. Rf6 Bb5 72. Kg2 Bc4 73. Kh2 Bb5 1/2-1/2

[Event "GER-ch U16 Girls"]
[Site "Willingen"]
[Date "2021.08.28"]
[Round "8"]
[White "Yue, Qizhou"]
[Black "Buchholz, Maja Patricia"]
[Result "0-1"]
[WhiteElo "1798"]
[BlackElo "1720"]
[PlyCount "136"]
[EventDate "2021.08.22"]
[EventType "swiss"]
[EventRounds "9"]
[EventCountry "GER"]
[SourceTitle "EXT 2022"]
[Source "ChessBase"]
[SourceDate "2021.10.06"]
[SourceVersion "1"]
[SourceVersionDate "2021.10.06"]
[SourceQuality "1"]

1. e4 b6 2. d4 Bb7 3. Nc3 e6 4. a3 Nf6 5. e5 Nd5 6. Nxd5 Bxd5 7. Nf3 c5 8. c3 d6 9. Bb5+ Nd7 10. c4 Bb7 11. dxc5 dxc5 12. 0-0 Be7 13. Qd3 a6 14. Ba4 Ra7 15. Rd1 Bc8 16. Bf4 0-0 17. Bc2 g6 18. Bh6 Re8 19. Qe3 Qc7 20. Ba4 Rb7 21. Bxd7 Bxd7 22. Bg5 Bc6 23. Bxe7 Rxe7 24. Ng5 h6 25. Nh3 Kh7 26. f3 Rd7 27. Nf2 Qd8 28. Rxd7 Rxd7 29. Ng4 Rd1+ 30. Rxd1 Qxd1+ 31. Kf2 g5 32. h4 Kg6 33. Kg3 Qh1 34. hxg5 hxg5 35. Nh2 b5 36. b3 b4 37. axb4 cxb4 38. Qd2 a5 39. Qd3+ Kg7 40. Qd2 Kg6 41. Qd3+ Kg7 42. Qd2 Kg6 43. Qd3+ Kh6 44. Ng4+ Kg7 45. Kf2 Qh8 46. Qd6 Qa8 47. Qe7 a4 48. Qxg5+ Kf8 49. bxa4 b3 50. Qd2 Qxa4 51. Ne3 Qa3 52. Nd1 Qc5+ 53. Ne3 Ba4 54. Qb2 Ke7 55. Ke2 Kd7 56. Kd3 Kc6 57. Ng4 Qb4 58. Nf6 Kb7 59. Ne4 Qe7 60. Nc3 Qd7+ 61. Ke3 Kb6 62. Nxa4+ Qxa4 63. Kd4 Qb4 64. Kd3 Ka5 65. Qc3 Ka4 66. Qxb4+ Kxb4 67. c5 Ka3 68. c6 b2 0-1

[Event "GER-ch U16 Girls"]
[Site "Willingen"]
[Date "2021.08.26"]
[Round "5"]
[White "Yue, Qizhou"]
[Black "Heutling, Elina"]
[Result "1-0"]
[WhiteElo "1798"]
[BlackElo "1919"]
[PlyCount "163"]
[EventDate "2021.08.22"]
[EventType "swiss"]
[EventRounds "9"]
[EventCountry "GER"]
[SourceTitle "EXT 2022"]
[Source "ChessBase"]
[SourceDate "2021.10.06"]
[SourceVersion "1"]
[SourceVersionDate "2021.10.06"]
[SourceQuality "1"]

1. e4 d5 2. exd5 Qxd5 3. Nc3 Qd8 4. d4 Nf6 5. Nf3 g6 6. Bc4 Bg7 7. h3 a6 8. Bf4 b5 9. Bb3 0-0 10. Qe2 Bb7 11. Rd1 Nbd7 12. 0-0 Nb6 13. Rfe1 e6 14. Bg5 Qe8 15. a3 Nbd5 16. Bxd5 Nxd5 17. Ne4 h6 18. Bc1 Nb6 19. Nc5 Bd5 20. Ne5 Qe7 21. b3 Kh7 22. Ncd3 Nd7 23. Nf4 Bb7 24. Nf3 Qd6 25. Ne5 Nxe5 26. dxe5 Qc6 27. f3 Rad8 28. Nd3 a5 29. Bb2 b4 30. axb4 axb4 31. Kh1 Ba6 32. Rc1 Qb6 33. Qe4 c5 34. Qe3 Rc8 35. Red1 Qb5 36. c4 bxc3 37. Rxc3 Rfd8 38. Ba3 Qa5 39. Bb2 c4 40. bxc4 Rxc4 41. Rxc4 Bxc4 42. Nf2 Rxd1+ 43. Nxd1 Qa2 44. Qd4 Qb1 45. Kh2 Bb3 46. Ne3 h5 47. Ba3 Qe1 48. Be7 Bh6 49. f4 h4 50. Bg5 Qg3+ 51. Kg1 Bg7 52. Qd2 Ba4 53. Qf2 Qxf2+ 54. Kxf2 Bh6 55. Kf3 Bxg5 56. fxg5 Kg7 57. Kg4 Bc6 58. Kxh4 Bb5 59. Kg4 Bd3 60. Kf4 Kf8 61. g4 Ke7 62. h4 Be2 63. Ke4 Kd7 64. Kf4 Ke7 65. Kg3 Kf8 66. Kf2 Bb5 67. h5 Kg7 68. h6+ Kg8 69. Ke1 Ba6 70. Kd2 Bb5 71. Kc3 Kh7 72. Kb4 Bd3 73. Kc5 Bb1 74. Kd6 Ba2 75. Ke7 Kg8 76. Nc2 Bd5 77. Nd4 Ba2 78. h7+ Kxh7 79. Kxf7 Bc4 80. Nxe6 Bd5 81. Kf6 Kg8 82. Nf4 1-0

[Event "GER-ch U16 Girls"]
[Site "Willingen"]
[Date "2021.08.25"]
[Round "4"]
[White "Dietz, Kristin"]
[Black "Yue, Qizhou"]
[Result "1/2-1/2"]
[WhiteElo "1933"]
[BlackElo "1798"]
[PlyCount "119"]
[EventDate "2021.08.22"]
[EventType "swiss"]
[EventRounds "9"]
[EventCountry "GER"]
[SourceTitle "EXT 2022"]
[Source "ChessBase"]
[SourceDate "2021.10.06"]
[SourceVersion "1"]
[SourceVersionDate "2021.10.06"]
[SourceQuality "1"]

1. e4 c5 2. Nf3 e6 3. d4 cxd4 4. Nxd4 a6 5. Nc3 Qc7 6. Bd3 Nc6 7. Nb3 Nf6 8. f4 d6 9. Be3 b5 10. Qf3 Bb7 11. g4 Be7 12. 0-0-0 Rc8 13. Kb1 Nd7 14. g5 Nc5 15. Rc1 Na5 16. Bd4 e5 17. Bf2 Nc4 18. Bxc4 bxc4 19. Nxc5 dxc5 20. Bg3 exf4 21. Bxf4 Bd6 22. Bxd6 Qxd6 23. Rcd1 Qe5 24. h4 0-0 25. Nd5 Rb8 26. c3 Rfd8 27. Rhf1 Qe6 28. h5 Re8 29. Rfe1 Bxd5 30. exd5 Qxe1 31. Rxe1 Rxe1+ 32. Kc2 Rbe8 33. Kd2 Rb1 34. Kc2 Rbe1 35. Kd2 Rb1 36. d6 Rxb2+ 37. Kd1 Rb6 38. Qd5 Rd8 39. d7 Re6 40. Kc2 Re2+ 41. Kc1 Re7 42. g6 hxg6 43. hxg6 Rexd7 44. gxf7+ Kf8 45. Qxc5+ Kxf7 46. Qxc4+ Kf6 47. Qxa6+ Kf5 48. Qf1+ Ke4 49. Qc4+ Kf3 50. Qc6+ Kf4 51. Qg6 Rd1+ 52. Kc2 R8d7 53. a4 R1d6 54. Qg2 g5 55. a5 g4 56. Qf2+ Kg5 57. c4 Ra6 58. Qe3+ Kh4 59. Qf2+ Kg5 60. Qe3+ 1/2-1/2

[Event "GER-ch U16 Girls"]
[Site "Willingen"]
[Date "2021.08.24"]
[Round "3"]
[White "Wagner, Margarethe"]
[Black "Yue, Qizhou"]
[Result "0-1"]
[WhiteElo "1832"]
[BlackElo "1798"]
[PlyCount "114"]
[EventDate "2021.08.22"]
[EventType "swiss"]
[EventRounds "9"]
[EventCountry "GER"]
[SourceTitle "EXT 2022"]
[Source "ChessBase"]
[SourceDate "2021.10.06"]
[SourceVersion "1"]
[SourceVersionDate "2021.10.06"]
[SourceQuality "1"]

1. e4 c5 2. Nf3 e6 3. d4 cxd4 4. Nxd4 a6 5. Bd3 Bc5 6. Nb3 Ba7 7. c4 Nc6 8. Nc3 Nf6 9. 0-0 Ne5 10. Be2 Qc7 11. Nd2 h5 12. b3 Nfg4 13. Bxg4 hxg4 14. g3 Qa5 15. Qc2 Nc6 16. Ne2 Qh5 17. h4 gxh3 18. Nf4 h2+ 19. Kh1 Qg4 20. Bb2 Rh6 21. Qd1 Qxd1 22. Raxd1 g5 23. Nd3 b5 24. c5 Bb7 25. Rde1 Ke7 26. Kg2 a5 27. Rh1 Nb4 28. Nxb4 axb4 29. Bd4 Bb8 30. Be3 f6 31. Rxh2 Rxh2+ 32. Kxh2 Rxa2 33. Kh3 Kf7 34. f4 gxf4 35. gxf4 Ba7 36. Kg4 Bxc5 37. Bxc5 Rxd2 38. Bxb4 Rd4 39. Bc5 Rxe4 40. Rxe4 Bxe4 41. Bd6 Bc2 42. b4 Kg6 43. Kf3 Kf5 44. Ke3 e5 45. fxe5 fxe5 46. Bc5 d5 47. Kd2 Bb3 48. Ke3 d4+ 49. Kd3 Bc4+ 50. Kc2 Ke4 51. Kd2 Kd5 52. Kc2 e4 53. Kd2 e3+ 54. Kd1 Ke4 55. Bf8 d3 56. Bc5 Bb3+ 57. Ke1 d2+ 0-1

[Event "GER-ch U16 Girls"]
[Site "Willingen"]
[Date "2020.10.20"]
[Round "1"]
[White "Yue, Qizhou"]
[Black "Bardorz, Jana"]
[Result "1/2-1/2"]
[WhiteElo "1775"]
[BlackElo "1960"]
[PlyCount "112"]
[EventDate "2020.10.19"]
[EventType "swiss"]
[EventRounds "7"]
[EventCountry "GER"]
[SourceTitle "EXT 2022"]
[Source "ChessBase"]
[SourceDate "2021.10.06"]
[SourceVersion "1"]
[SourceVersionDate "2021.10.06"]
[SourceQuality "1"]

1. e4 e5 2. Nf3 Nc6 3. Bc4 Bc5 4. Nc3 Nf6 5. d3 d6 6. Bg5 h6 7. Bh4 Be6 8. Bb3 a6 9. 0-0 g5 10. Bg3 Qd7 11. Bxe6 Qxe6 12. a3 Nd4 13. Rb1 Nxf3+ 14. Qxf3 h5 15. h4 g4 16. Qe2 c6 17. Nd1 Ng8 18. Ne3 Ne7 19. c3 0-0 20. Rbd1 Bb6 21. Nc4 Bc7 22. Qd2 Qg6 23. Ne3 f5 24. exf5 Nxf5 25. Nxf5 Rxf5 26. d4 d5 27. Rde1 Re8 28. Re2 Re7 29. dxe5 Bxe5 30. Rfe1 Bxg3 31. fxg3 Rxe2 32. Qxe2 Qf7 33. Qe8+ Qxe8 34. Rxe8+ Kg7 35. Re7+ Rf7 36. Re5 Kg6 37. Rg5+ Kh6 38. Re5 a5 39. a4 Kg6 40. Re8 Rf6 41. Ra8 Kf5 42. Rxa5 Ke4 43. Ra7 b6 44. Ra6 c5 45. a5 d4 46. cxd4 cxd4 47. Rxb6 Rf5 48. a6 d3 49. a7 Ra5 50. Rb7 d2 51. Re7+ Kd3 52. Rd7+ Kc2 53. Rc7+ Kxb2 54. Rb7+ Kc2 55. Rc7+ Kb2 56. Rb7+ Kc2 1/2-1/2

[Event "GER-chT Lands U20"]
[Site "Berlin"]
[Date "2020.10.01"]
[Round "3.2"]
[White "Yue, Qizhou"]
[Black "Fock, Sana"]
[Result "1-0"]
[WhiteElo "1775"]
[BlackElo "1829"]
[PlyCount "85"]
[EventDate "2020.09.29"]
[EventType "team-swiss"]
[EventRounds "7"]
[EventCountry "GER"]
[SourceTitle "CBM 198 Extra"]
[Source "ChessBase"]
[SourceDate "2020.11.30"]
[SourceVersion "1"]
[SourceVersionDate "2020.11.30"]
[SourceQuality "1"]
[WhiteTeam "Rheinland Pfalz U20"]
[BlackTeam "Berlin U20"]
[WhiteTeamCountry "GER"]
[BlackTeamCountry "GER"]

1. e4 c5 2. Nc3 d6 3. f4 Nc6 4. Bb5 Bd7 5. Nf3 e6 6. d3 a6 7. Bxc6 Bxc6 8. 0-0 Nf6 9. Qe1 Be7 10. e5 dxe5 11. fxe5 Nd5 12. Qg3 Nxc3 13. bxc3 Qd7 14. Ng5 f6 15. exf6 gxf6 16. Nxh7 Rxh7 17. Qg8+ Bf8 18. Rxf6 Qg7 19. Rxf8+ Qxf8 20. Qxh7 0-0-0 21. Bh6 Qf6 22. Rf1 Qxc3 23. Bf4 Qd4+ 24. Kh1 Qd7 25. Qxd7+ Kxd7 26. Bg3 Ke7 27. Bh4+ Ke8 28. Bxd8 Kxd8 29. h4 c4 30. d4 Be4 31. Rf2 Ke7 32. Kh2 b5 33. g4 b4 34. h5 a5 35. g5 a4 36. g6 c3 37. g7 Bh7 38. Rf8 b3 39. axb3 axb3 40. g8Q Bxg8 41. Rxg8 b2 42. Rg1 Kf6 43. h6 1-0

[Event "GER-chT Lands U20"]
[Site "Berlin"]
[Date "2020.09.30"]
[Round "2.3"]
[White "Yue, Qizhou"]
[Black "Kempe, Caius Emilian"]
[Result "0-1"]
[WhiteElo "1775"]
[BlackElo "1910"]
[PlyCount "68"]
[EventDate "2020.09.29"]
[EventType "team-swiss"]
[EventRounds "7"]
[EventCountry "GER"]
[SourceTitle "CBM 198 Extra"]
[Source "ChessBase"]
[SourceDate "2020.11.30"]
[SourceVersion "1"]
[SourceVersionDate "2020.11.30"]
[SourceQuality "1"]
[WhiteTeam "Rheinland Pfalz U20"]
[BlackTeam "Sachsen U20"]
[WhiteTeamCountry "GER"]
[BlackTeamCountry "GER"]

1. e4 c5 2. Nc3 Nc6 3. Bb5 Nd4 4. Bc4 g6 5. Nge2 Bg7 6. 0-0 e6 7. d3 Ne7 8. Nxd4 cxd4 9. Ne2 0-0 10. Bb3 d5 11. Ng3 b6 12. Bg5 f6 13. Bd2 a5 14. a4 Kh8 15. h4 Bb7 16. h5 f5 17. exf5 gxf5 18. h6 Bf6 19. Qe2 e5 20. Qh5 f4 21. Nf5 Nxf5 22. Qxf5 Bc8 23. Qh5 Be6 24. c3 dxc3 25. Bxc3 Bf7 26. Qd1 Qd7 27. Bc2 Rg8 28. Re1 Qh3 29. g3 fxg3 30. Qf3 gxf2+ 31. Kxf2 Bh4+ 32. Ke2 Rg2+ 33. Qxg2 Qxg2+ 34. Kd1 Bh5+ 0-1

[Event "Pfalz op-B 11th"]
[Site "Neustadt an der Weinstrasse"]
[Date "2020.02.23"]
[Round "4"]
[White "Damrich, Alina"]
[Black "Yue, Qizhou"]
[Result "0-1"]
[WhiteElo "1676"]
[BlackElo "1790"]
[PlyCount "64"]
[EventDate "2020.02.21"]
[EventType "swiss"]
[EventRounds "7"]
[EventCountry "GER"]
[SourceTitle "CBM 195 Extra"]
[Source "ChessBase"]
[SourceDate "2020.05.31"]
[SourceVersion "1"]
[SourceVersionDate "2020.05.31"]
[SourceQuality "1"]

1. e4 c5 2. Nf3 e6 3. d3 Nc6 4. Nbd2 Qc7 5. g3 Nf6 6. Bg2 g6 7. 0-0 Bg7 8. Re1 0-0 9. c3 d5 10. Nf1 dxe4 11. dxe4 Rd8 12. Qe2 e5 13. Bg5 h6 14. Bxf6 Bxf6 15. Qe3 Qb6 16. Qxh6 Qxb2 17. Qe3 Qa3 18. N1d2 Be6 19. Nb3 b6 20. Reb1 c4 21. Nbd2 Rd3 22. Qe2 Rad8 23. Rd1 Qxc3 24. Rac1 Qb2 25. Rb1 Qxa2 26. Ra1 Qb2 27. Rab1 Qa3 28. Ne1 R3d7 29. Nef3 c3 30. Nf1 Rxd1 31. Rxd1 Rxd1 32. Qxd1 Bb3 0-1

[Event "GER-chT U14 Girls"]
[Site "Neumuenster"]
[Date "2019.12.30"]
[Round "7.6"]
[White "Yue, Qizhou"]
[Black "Hubert, Charlotte"]
[Result "1/2-1/2"]
[WhiteElo "1784"]
[BlackElo "1415"]
[PlyCount "60"]
[EventDate "2019.12.27"]
[EventType "team-swiss"]
[EventRounds "7"]
[EventCountry "GER"]
[SourceTitle "CBM 194 Extra"]
[Source "ChessBase"]
[SourceDate "2020.03.31"]
[SourceVersion "1"]
[SourceVersionDate "2020.03.31"]
[SourceQuality "1"]
[WhiteTeam "Ingelheim"]
[BlackTeam "Hamburger SK"]
[WhiteTeamCountry "GER"]
[BlackTeamCountry "GER"]

1. e4 c5 2. Nc3 e6 3. f4 a6 4. Nf3 d5 5. d3 Nc6 6. g3 d4 7. Ne2 Nf6 8. Bg2 Qc7 9. 0-0 Be7 10. a4 Bd7 11. Bd2 b6 12. Kh1 Rb8 13. Neg1 b5 14. axb5 axb5 15. Ne5 Rd8 16. Nxc6 Bxc6 17. Ba5 Qd7 18. Bxd8 Qxd8 19. g4 h5 20. g5 Ng4 21. Qd2 Ne3 22. Rf3 e5 23. Rxe3 dxe3 24. Qxe3 exf4 25. Qxf4 Bxg5 26. Qe5+ Qe7 27. Qb8+ Qd8 28. Qe5+ Qe7 29. Qb8+ Qd8 30. Qe5+ Qe7 1/2-1/2